HAEMATOLOGY : AN ILLUSTRATED COLOUR TEXT (Record no. 2584)

MARC details
000 -LEADER
fixed length control field 00373nam a2200145Ia 4500
008 - FIXED-LENGTH DATA ELEMENTS--GENERAL INFORMATION
fixed length control field 150201s1997 xx 000 0 und d
082 ## - DEWEY DECIMAL CLASSIFICATION NUMBER
Classification number 611
Item number H1997H
100 ## - MAIN ENTRY--PERSONAL NAME
Personal name MARTIN R. HOWARD
245 ## - TITLE STATEMENT
Title HAEMATOLOGY : AN ILLUSTRATED COLOUR TEXT
250 ## - EDITION STATEMENT
Edition statement 1ST
260 ## - PUBLICATION, DISTRIBUTION, ETC. (IMPRINT)
Name of publisher, distributor, etc. CHURCHILL LIVINGSTONE
Place of publication, distribution, etc. EDINBURGH
Date of publication, distribution, etc. 1997
300 ## - PHYSICAL DESCRIPTION
Extent 1-110
650 ## - SUBJECT ADDED ENTRY--TOPICAL TERM
Topical term or geographic name as entry element HAEMATOLOGY
942 ## - ADDED ENTRY ELEMENTS (KOHA)
Source of classification or shelving scheme Dewey Decimal Classification
Koha item type Books
Holdings
Withdrawn status Lost status Source of classification or shelving scheme Damaged status Not for loan Home library Current library Date acquired Source of acquisition Cost, normal purchase price Serial Enumeration / chronology SGTU Bill Number Total Checkouts Full call number Barcode Date last seen Bill Date Koha item type
    Dewey Decimal Classification     SGT Dental Library SGT Dental Library 13/07/2003 U.B.S.DELHI 600.00 1 SGTU 279   611 H1997H FD577 09/02/2015 01/02/2012 Books